| 000 | 00645nam a2200193 a 4500 | ||
|---|---|---|---|
| 001 | 000009720 | ||
| 005 | 20240412074212.0 | ||
| 008 | 091001s2001 dr ac 000 p spa d | ||
| 040 |
_aDO-SdBNP _bspa _cBNPHU |
||
| 082 |
_aRD863.44 _bB333s |
||
| 100 | 1 |
_aBatista Jerez, Miguel Descarte _d1971- _924624 |
|
| 245 | 1 | 0 |
_aSentimientos en blanco y negro / _cMiguel Descarte Batista Jerez. |
| 260 |
_aSanto Domingo : _bM.C.B Producciones, _c2001. |
||
| 300 |
_a135 p. : _bil., retr. ; _c22 cm. |
||
| 590 | _aInventariado, 2020/MFF | ||
| 650 | 0 |
_aPoesÃa dominicana _966 |
|
| 650 | 0 |
_aLiteratura dominicana. _967 |
|
| 910 | _aValidado. Control de calidad MFF | ||
| 999 |
_c9480 _d9480 |
||